| 000 | 00699nam a2200145Ia 4500 | ||
|---|---|---|---|
| 008 | 100122s9999 xx 000 0 und d | ||
| 082 |
_b28969 _a323.4 |
||
| 100 | _aमालशे स गं | ||
| 245 | _aबॉम्बे असोसिएशनचे दोन अर्ज (इ.स.1852 आणि 1853) | ||
| 260 |
_bमराठी साहित्य संशोधक मंडळ मु.म.ग्र.सं _c1905 |
||
| 300 | _a28 | ||
| 630 | _aबॉम्बे असोसिएशनचे दोन अर्ज (इ.स.1852 आणि 1853) | ||
| 730 | _aबॉम्बे असोसिएशनचे दोन अर्ज (इ.स.1852 आणि 1853) | ||
| 942 | _cBOOK | ||
| 999 |
_c414446 _d414443 |
||